| 000 | 00366nam a2200133Ia 4500 | ||
|---|---|---|---|
| 005 | 20260328101525.0 | ||
| 008 | 260328s9999||||xx |||||||||||||| ||und|| | ||
| 100 | _aTerranova, Antonino | ||
| 245 | 0 |
_aEco Structures : _b Forms of sustainable Architecture / _cAntonino Terranova |
|
| 260 | _bWhite Star | ||
| 300 | _a303 p. | ||
| 650 | _aARQUITECTURA CIVIL | ||
| 942 | _cBK | ||
| 999 |
_c9757 _d9757 |
||